La sécurité / 2,1 Auditions
| Format: | Print Book |
|---|---|
| Language: | French |
| Published: |
Paris
Assemblée Nationale
1999
|
| In: |
La sécurité un droit pour les Corses, un devoir pour l'État
Year: 1999 |
| Availability in Tübingen: | Present in Tübingen. UB: KB 19 A 8221-2,1 |
| Check availability: | HBZ Gateway |
| Subito Delivery Service: | Order now. |
MARC
| LEADER | 00000cam a2200000 cc4500 | ||
|---|---|---|---|
| 001 | 1156479762 | ||
| 003 | DE-627 | ||
| 005 | 20220519100611.0 | ||
| 007 | tu | ||
| 008 | 000808s1999 xx ||||| 00| ||fre c | ||
| 035 | |a (DE-627)1156479762 | ||
| 035 | |a (DE-576)086479768 | ||
| 035 | |a (DE-599)BSZ086479768 | ||
| 035 | |a (OCoLC)313841849 | ||
| 040 | |a DE-627 |b ger |c DE-627 |e rakwb | ||
| 041 | |a fre | ||
| 245 | 0 | 3 | |a La sécurité |n 2,1 |p Auditions |c Assemblée Nationale. Christophe Caresche, rapporteur |
| 264 | 1 | |a Paris |b Assemblée Nationale |c 1999 | |
| 300 | |a 558 S | ||
| 336 | |a Text |b txt |2 rdacontent | ||
| 337 | |a ohne Hilfsmittel zu benutzen |b n |2 rdamedia | ||
| 338 | |a Band |b nc |2 rdacarrier | ||
| 490 | 1 | |a Les documents d'information |a Rapports d'information |v 1918 | |
| 583 | 1 | |a Archivierung prüfen |c 20200919 |f DE-640 |z 1 |2 pdager | |
| 773 | 1 | 8 | |a La sécurité un droit pour les Corses, un devoir pour l'État |w (DE-627)1156479525 |w (DE-576)086479520 |g 2,1 |q 2,1 |7 nnam |
| 810 | 2 | |a Frankreich |b Assemblée nationale |g 1946- |t Les documents d'information / Rapports d'information |v 1918 |9 1918,2,1 |w (DE-627)112205274X |w (DE-576)052052745 |x 1240-831X |7 am | |
| 951 | |a MV | ||
| ELC | |b 1 | ||
| LOK | |0 000 xxxxxcx a22 zn 4500 | ||
| LOK | |0 001 2381996893 | ||
| LOK | |0 003 DE-627 | ||
| LOK | |0 004 1156479762 | ||
| LOK | |0 005 20000907000000 | ||
| LOK | |0 008 000808||||||||||||||||ger||||||| | ||
| LOK | |0 040 |a DE-21 |c DE-627 |d DE-21 | ||
| LOK | |0 852 |a DE-21 | ||
| LOK | |0 852 1 |c KB 19 A 8221-2,1 |9 00 | ||
| LOK | |0 935 |a krim | ||
| LOK | |0 936ln |a k10.4.3 | ||
| LOK | |0 939 |a 08-08-00 |b l01 | ||
| ORI | |a SA-MARC-krimdoka001.raw | ||
| SIG | |a UB: KB 19 A 8221-2,1 | ||
